| 000 | 01393nam a2200277Ia 4500 | ||
|---|---|---|---|
| 003 | OSt | ||
| 005 | 20210204120733.0 | ||
| 008 | 191128s1977 ck fr 000 0 spa d | ||
| 040 |
_aCO-JMCR _cCO-JMCR |
||
| 041 | 0 | _aspa | |
| 082 | 0 | 4 |
_a320.262 / _bU588p _221 |
| 110 | 2 |
_aUniversidad de los Andes _bCentro de estudios sobre desarrollo económico _91834 |
|
| 245 | 1 | 0 |
_aPoder e información : _bel proceso decisorio en tres casos de política regional y urbana en Colombia / _cUniversidad de los Andes ; Edgar Revéiz director de la investigación |
| 250 | _aPrimera edición | ||
| 260 |
_aBogotá : _bUniversidad de los Andes : Centro de estudios sobre desarrollo económico, _c1977 |
||
| 300 |
_a[5] páginas plegadas, 425 páginas ; _c23 cm. |
||
| 490 | 0 | _aDocumentos CEDE | |
| 500 | _aIncluye notas a pie de página y anexo en inglés. | ||
| 505 | 0 | _aAspectos generales del estudio -- Selección de los estudios de caso -- Consideraciones generales (hipótesis) sobre el papel de la información -- Metodología -- Ensayos | |
| 650 | 1 | 4 |
_aPolítica gubernamental _xinvestigaciones _zColombia _91835 |
| 650 | 1 | 4 |
_aCiencia política _xtoma de decisiones _zColombia _91836 |
| 650 | 1 | 4 |
_aGastos públicos _xplanificación regional _91837 |
| 650 | 1 | 4 |
_aEconomía política _xinvestigaciones _zColombia _91838 |
| 700 | 1 |
_aRevéiz, Edgar, _edirector de investigación _91839 |
|
| 942 |
_2ddc _cBK |
||
| 999 |
_c5711 _d5711 |
||